00522nam a2200181Ia 450000500170000000800410001702000180005804100120007608200150008810000170010324500560012026000540017630000210023065000310025165000260028265000150030870000170032320260429111958.0260429s9999||||xx |||||||||||||| ||und|| a9781800615755 aEnglish a658.3bTAN aTang, Guiyao 0aStrategic human resource management / cGuiyao Tang aSingapore : bWorld Scientific Publishing,c2025. avii, 309 p.; pbk a Human resource management a Personnel management aManagement a Wei, Li-qun